[Event "Porto Sant Elpidio op-B 5th"]
[Site "Porto Sant Elpidio"]
[Date "2002.11.10"]
[Round "6"]
[White "Gasparroni, Daniele"]
[Black "Rosati, Simone"]
[Result "1/2-1/2"]
[WhiteElo "1675"]
[BlackElo "1500"]
[PlyCount "120"]
[EventDate "2002.11.02"]
[EventType "swiss"]
[EventRounds "6"]
[EventCountry "ITA"]
[SourceTitle "EXT 2024"]
[Source "ChessBase"]
[SourceDate "2023.10.10"]
[SourceVersion "1"]
[SourceVersionDate "2023.10.10"]
[SourceQuality "1"]

1. Nf3 d6 2. d4 Nf6 3. c4 e6 4. Nc3 b6 5. e3 Bb7 6. Bd3 Nbd7 7. 0-0 Be7 8. Qe2 d5 9. b3 0-0 10. Bb2 c5 11. Rfd1 cxd4 12. exd4 Re8 13. Rac1 Rc8 14. Bb1 Nf8 15. Ne5 N8d7 16. Qd3 a6 17. Na4 dxc4 18. bxc4 Be4 19. Qb3 Bxb1 20. Rxb1 Qc7 21. Nxd7 Nxd7 22. Rbc1 Bf6 23. Qd3 Red8 24. Qe2 Qc6 25. Qc2 b5 26. Nc5 Nxc5 27. dxc5 Rxd1+ 28. Rxd1 Bxb2 29. Qxb2 Qxc5 30. cxb5 Qxb5 31. Qxb5 axb5 32. Kf1 Kf8 33. Rb1 Rc5 34. Ke2 Rc2+ 35. Ke3 Rxa2 36. Rxb5 Ke7 37. Rb7+ Kf6 38. Rb4 Ra5 39. Rf4+ Rf5 40. Rh4 h6 41. h3 Kg6 42. Ra4 Rg5 43. Kf3 Rb5 44. Rg4+ Kf6 45. Rc4 Rd5 46. Ra4 g6 47. Rh4 h5 48. Ke3 Rg5 49. Kf3 Rf5+ 50. Ke3 Kg5 51. Rc4 f6 52. Re4 e5 53. g4 Rf4 54. Rxf4 exf4+ 55. Kf3 h4 56. Ke4 f3 57. Kxf3 f5 58. gxf5 Kxf5 59. Ke3 g5 60. Kf3 Kg6 1/2-1/2

[Event "Porto Sant Elpidio op-B 5th"]
[Site "Porto Sant Elpidio"]
[Date "2002.11.03"]
[Round "3"]
[White "Silvestri, Giorgio"]
[Black "Rosati, Simone"]
[Result "1/2-1/2"]
[WhiteElo "1648"]
[BlackElo "1500"]
[PlyCount "54"]
[EventDate "2002.11.02"]
[EventType "swiss"]
[EventRounds "6"]
[EventCountry "ITA"]
[SourceTitle "EXT 2024"]
[Source "ChessBase"]
[SourceDate "2023.10.10"]
[SourceVersion "1"]
[SourceVersionDate "2023.10.10"]
[SourceQuality "1"]

1. d4 Nf6 2. c4 e6 3. g3 c5 4. d5 b6 5. Nc3 Bb7 6. Nf3 Be7 7. e4 d6 8. dxe6 fxe6 9. Ng5 Bc8 10. Bh3 e5 11. Ne6 Bxe6 12. Bxe6 Nc6 13. Qa4 Qc7 14. Bg5 Kd8 15. Bxf6 Bxf6 16. Nd5 Qb7 17. Rd1 Nd4 18. Nxf6 gxf6 19. Bd5 Qc8 20. Bxa8 Qxa8 21. Rxd4 exd4 22. Kd2 f5 23. Re1 fxe4 24. Qc2 Rf8 25. Kc1 d3 26. Qd2 Kd7 27. Qh6 Rf7 1/2-1/2